Score 0/42 Timer 10:00
0 Plays Today
% Correct
Soul Gem
88.9%
Reality Gem
88.9%
Space Gem
86.7%
Time Gem
86.7%
Power Gem
86.7%
Terrigen Mists
86.7%
Adamantium
84.4%
Casket of Ancient Winters
84.4%
Gamma Radiation
84.4%
Image Inducer
84.4%
Destroyer
82.2%
Ebony Blade
82.2%
Eye of Agamotto
82.2%
Mind Gem
82.2%
Infinity Gauntlet
80%
Uru
77.8%
Cosmic Rays
75.6%
Norn Stones
75.6%
Pym Particles
73.3%
MGH (Mutant Growth Hormone)
71.1%
Darkhold
68.9%
% Correct
Power Cosmic
68.9%
Carbonadium
68.3%
Legacy Virus
64.4%
Quantum Bands
64.4%
Phoenix Force
62.2%
Vibranium
60%
Power Primordial
55.6%
Extremis
53.7%
Cosmic Cube
53.3%
Crimson Crystal of Cytorrak
53.3%
Star Brand
48.9%
Unstable Molecules
48.9%
Serpent Crown
46.7%
Evil Eye of Avalon
44.4%
Siege Perilous
42.2%
Uni-Power
42.2%
M'Kraan Crystal
40%
Zodiac Key
40%
Power Prism
40%
Black Vortex
37.8%
Nega-Bands
37.8%

You're not logged in!

Compare scores with friends on all Sporcle quizzes.
OR
Log In

Sporcle TV

Today on Sporcle TV


Watch our educational content, quiz creation guides, and fun videos on Sporcle TV.

Show Comments

Extras

Created Sep 10, 2019ReportNominate
Tags:Clickable Quiz, Disney Quiz, set

Top Quizzes Today


Score Distribution

Paid Content

Your Account Isn't Verified!

In order to create a playlist on Sporcle, you need to verify the email address you used during registration. Go to your Sporcle Settings to finish the process.

Report this User

Report this user for behavior that violates our Community Guidelines.

Details: